Build your own computer. / (Record no. 2001)
[ view plain ]
| 000 -LEADER | |
|---|---|
| fixed length control field | 00609nam a22001697a 4500 |
| 005 - DATE AND TIME OF LATEST TRANSACTION | |
| control field | 20210414114116.0 |
| 008 - FIXED-LENGTH DATA ELEMENTS--GENERAL INFORMATION | |
| fixed length control field | 120814t xxu||||| |||| 00| 0 eng d |
| 020 ## - INTERNATIONAL STANDARD BOOK NUMBER | |
| International Standard Book Number | 1844252280 |
| 050 ## - LIBRARY OF CONGRESS CALL NUMBER | |
| Classification number | TK9909.M11 |
| 100 ## - MAIN ENTRY--PERSONAL NAME | |
| Personal name | MacRae, Kyle |
| 245 ## - TITLE STATEMENT | |
| Title | Build your own computer. / |
| Statement of responsibility, etc. | Kyle MacRae |
| 300 ## - PHYSICAL DESCRIPTION | |
| Extent | 168p. : |
| Other physical details | ill. ; |
| Dimensions | 28 cm. |
| 500 ## - GENERAL NOTE | |
| General note | includes index |
| 505 ## - FORMATTED CONTENTS NOTE | |
| Formatted contents note | Contents: Planning the 'perfect' PC -- Choosing your hardware -- Putting together a pentium desktop PC -- Assembling an Athlon SFF PC -- Final touches -- Appendices. |
| 650 ## - SUBJECT ADDED ENTRY--TOPICAL TERM | |
| Topical term or geographic name entry element | Microcomputers |
| General subdivision | Design and construction |
| 942 ## - ADDED ENTRY ELEMENTS (KOHA) | |
| Source of classification or shelving scheme | Library of Congress Classification |
| Koha item type | Books |
| Withdrawn status | Lost status | Source of classification or shelving scheme | Damaged status | Not for loan | Home library | Current library | Shelving location | Date acquired | Total Checkouts | Full call number | Barcode | Date last seen | Copy number | Price effective from | Koha item type |
|---|---|---|---|---|---|---|---|---|---|---|---|---|---|---|---|
| Library of Congress Classification | WISCONSIN INTERNATIONAL UNIVERSITY COLLEGE, GHANA - MAIN LIBRARY | WISCONSIN INTERNATIONAL UNIVERSITY COLLEGE, GHANA - MAIN LIBRARY | General Stacks | 14/08/2012 | TK9909.M11 | 5666/12 | 14/08/2012 | 1 | 14/08/2012 | Books | |||||
| Library of Congress Classification | WISCONSIN INTERNATIONAL UNIVERSITY COLLEGE, GHANA - MAIN LIBRARY | WISCONSIN INTERNATIONAL UNIVERSITY COLLEGE, GHANA - MAIN LIBRARY | General Stacks | 14/08/2012 | TK9909.M111 | 5667/12 | 14/08/2012 | 2 | 14/08/2012 | Books | |||||
| Library of Congress Classification | WISCONSIN INTERNATIONAL UNIVERSITY COLLEGE, GHANA - MAIN LIBRARY | WISCONSIN INTERNATIONAL UNIVERSITY COLLEGE, GHANA - MAIN LIBRARY | General Stacks | 14/08/2012 | TK9909.M112 | 5668/12 | 14/08/2012 | 3 | 14/08/2012 | Books |
